000 01104cam a2200325 i 4500
999 _c200443262
_d61474
001 200443262
003 TR-AnTOB
005 20230624001201.0
007 ta
008 000905s1992 tu a 000 0 tur d
035 _a(TR-AnTOB)200443262
040 _aBGZ
_beng
_erda
_cBGZ
_dTR-AnTOB
041 0 _atur
050 4 _aJS6953.A8
_bY35 1992
090 _aJS6953.A8
_bY35 1992
100 1 _aYalçındağ, Selçuk
_eauthor
_9131115
245 1 0 _aYerel yönetimler :
_bsorunlar ve çözümler /
_c[hazırlayan] Selçuk Yalçındağ.
264 1 _aİstanbul :
_bTÜSİAD,
_c1992.
300 _a81 pages :
_billustrations ;
_c28 cm
336 _atext
_btxt
_2rdacontent
337 _aunmediated
_bn
_2rdamedia
338 _avolume
_bnc
_2rdacarrier
490 0 _aTürk Sanayicileri ve İş Adamları Derneği ;
_vyayın no. TÜSİAD-T/92-5/152.
650 7 _aBelediye yönetimi
_zTürkiye
_2etuturkob
_981362
650 0 _aMahalli idareler
_zTürkiye
_9134761
710 2 _aTürk Sanayicileri ve İş Adamları Derneği
_918434
942 _2lcc
_cBK